| 000 | 00698cai a22001815a 4500 | ||
|---|---|---|---|
| 001 | E147480 | ||
| 008 | 090515u xxk g 000 0 eng d | ||
| 035 | _a(Sirsi) u147480 | ||
| 041 | 0 | _aeng | |
| 110 | 2 |
_aConvention of Scottish Local Authorities _92093 |
|
| 245 | 0 | 0 |
_aCoSLA _h[electronic resource] |
| 520 | _aWebsite for this organisation which represents the interests of Scottish local authorities. Includes information on Scottish local government, details of news and events, publications and useful links. | ||
| 590 | _aKA | ||
| 651 | 4 |
_aScotland _y1999- |
|
| 690 | _aMANAGEMENT | ||
| 856 | 4 | 0 |
_uhttps://www.cosla.gov.uk/ _zView the website free of charge at www.cosla.gov.uk... |
| 942 | _n0 | ||
| 999 |
_c120789 _d120789 |
||